| 000 | 00405nam a2200169Ia 4500 | ||
|---|---|---|---|
| 008 | 221030s9999 xx 000 0 und d | ||
| 020 | _a1259003884 | ||
| 041 | _aEnglish | ||
| 100 | _aP. Weinberg | ||
| 245 | 0 |
_aSQL : The Complete Reference _cby P. Weinberg, J. Groff |
|
| 250 | _a3rd | ||
| 260 |
_bTMH _aNew Delhi _c2012 |
||
| 300 | _a882 | ||
| 650 | _aComputers | ||
| 700 | _aJ. Groff | ||
| 942 | _cBK | ||
| 999 |
_c17193 _d17193 |
||